| 000 | 00587nam a2200229 i 4500 | ||
|---|---|---|---|
| 001 | 14060 | ||
| 003 | ES-MaACL | ||
| 005 | 20250315062542.0 | ||
| 007 | t| | ||
| 008 | 980924s1996 sp ||||1| spa d | ||
| 020 | _a84-321-3113-X | ||
| 080 | _a821.134.2-14"19" | ||
| 100 | 1 |
_aHernanz, Beatriz. _963117 |
|
| 245 | 1 | 3 |
_aLa vigilia del tiempo / _cBeatriz Hernanz. |
| 250 | _a1ª ed. | ||
| 260 |
_aMadrid : _bRialp, _c1996. |
||
| 300 |
_a69 p. ; _c18 cm. |
||
| 490 | 1 |
_aAdonáis ; _v522 |
|
| 830 | 1 | 0 |
_aAdonáis _v522 _9173743 |
| 852 | 4 |
_aES-MaACL _jJ-23-522 |
|
| 999 |
_c14060 _d14060 |
||